000 00673nam0a22002171 4500
001 RU\NLR\BIBL_A\022770009
005 20260409002042.0
035 _a(NLR Aleph) 022770009
090 _a13648593
_c13648593
100 _a20260330d1985 u y0rusy50 ca
101 0 _arus
102 _aRU
105 _ay z|||000zy
200 1 _aУТРО ПЛАНЕТЫ
_eВосточный альманах
_gСост. Т.П. Редько
_hВып. 13
210 _aМ.
_cХудожественная литература
_d1985
215 _a719 с.
852 _aNLR
_bОЛСАА-сл-спр
_j2-2793
942 _cBOOK
980 1 _aSL_SPR
980 _aNB